000 00632nam a2200241Ia 4500
003 OSt
005 20221007082302.0
006 a|||||r|||| 00| 0
007 ta
008 221006b |||||||| |||| 00| 0 eng d
024 _a29,826
037 _cTextual
040 _aFLL
_cFLL
_beng
041 _2eng
_aeng
082 _aX9F551:952:2:K63t, K7
110 _aGovt. of India
245 0 _aReport on the central wage board for the coal mining industry
260 _c1967
300 _a173p
_ccm.
700 _aGovt. of India
942 _hX9F551:952:2:K63t, K7
_cTEXL
_2CC
999 _c1165924
_d1165924